000 00804cab a2200253 4500
001 WB3211-10
008 090401t1996 xxu||||| |||| 00| 0 eng d
035 _a(Sirsi) u50648
041 _aeng
245 _aRetail sales figures
260 _c1996
350 _a0
490 _aProperty Week
_v54(11) 14 March 1996, 7(1)
520 _aShopping centre retailers are urged to release sales figures in order to create better landlord/tenant relationships, according to a report "Partnerships in Shopping Centres".
650 _aPARTNERSHIP
650 _aRELATIONSHIPS
650 _aSALES FIGURES
650 _aSHOPPING CENTRES
650 _aTURNOVER
690 _aPROPERTY-COMMERCIAL PROPERTY-RETAIL PROPERTY
690 _aPROPERTY-LANDLORD AND TENANT
942 _n0
948 _c04/03/1997
999 _c31607
_d31607